00872ntaaa2200265 45000030003000000050017000030080021000200200018000410400037000590820016000961000018001122450129001302500011002592600065002703000011003355000079003466500019004256500013004446500016004576500031004736500014005046500022005186500027005406500039005670120251027203225.00714s1973 ag 01  a9789977958408 aAR-BaBNbspacAR-BaBNeaacrdRIC a220.63 W77d ade Wit, Hans  aEn la dispersión el texto es patria : bintroducción a la hermenéutica clàsica, moderna y posmoderna / cHans de Wit a2a ed. aSan José : bUniversidad Bíblica Latinoamericana, c2011 a557 p. aLa primera edición es del año 2002, editada en Buenos Aires por ISEDET aINTERPRETACION aHISTORIA aLINGUISTICA aINTERPRETACION SOCIOLOGICA aIDEOLOGIA aDECONSTRUCTIVISMO aNUEVA CRITICA RETORICA aCRITICA DE LA RESPUESTA DEL LECTOR